Precalculus: a concise course (Record no. 54344)

MARC details
000 -LEADER
fixed length control field 00784nam a2200205 a 4500
008 - FIXED-LENGTH DATA ELEMENTS--GENERAL INFORMATION
fixed length control field 120210s2007 ||||||||||||||||| || u
020 ## - INTERNATIONAL STANDARD BOOK NUMBER
International Standard Book Number 9780495832379
050 ## - LIBRARY OF CONGRESS CALL NUMBER
Classification number QA 39.2 Lar
100 ## - MAIN ENTRY--PERSONAL NAME
Personal name Falvo, David C
245 10 - TITLE STATEMENT
Title Precalculus: a concise course
Statement of responsibility, etc. Ron Larson, Robert Hostetler with the assistance of David C. Falvo
260 ## - PUBLICATION, DISTRIBUTION, ETC.
Place of publication, distribution, etc. Belmont, CA
Name of publisher, distributor, etc. Brooks/Cole
Date of publication, distribution, etc. 2007
300 ## - PHYSICAL DESCRIPTION
Extent xvii, 526p. [various pagings]: ill
350 ## - PRICE (NR) (BK AM CF MU VM SE) [OBSOLETE]
Price 0.00
650 #0 - SUBJECT ADDED ENTRY--TOPICAL TERM
Topical term or geographic name entry element ALGEBRAS, LINEAR
650 #0 - SUBJECT ADDED ENTRY--TOPICAL TERM
Topical term or geographic name entry element TRIGONOMETRY
650 #0 - SUBJECT ADDED ENTRY--TOPICAL TERM
Topical term or geographic name entry element MATHEMATICS--HANDBOOKS, MANUALS, ETC
700 ## - ADDED ENTRY--PERSONAL NAME
Personal name Larson, Ron
700 ## - ADDED ENTRY--PERSONAL NAME
Personal name Hostetler, Robert
995 ## - RECOMMENDATION 995 [LOCAL, UNIMARC FRANCE]
-- 0.00
-- CBU-MAIN LIBRARY (Kitwe)
-- 1
-- 0.00
-- 1
-- AVAILABLE
-- Apr 12, 2012
-- Main Library Open Access Collection
Holdings
Withdrawn status Lost status Source of classification or shelving scheme Damaged status Not for loan Home library Current library Shelving location Date acquired Total Checkouts Full call number Barcode Date last seen Date last checked out Price effective from Koha item type
          CBU-MAIN LIBRARY, KITWE. CBU-MAIN LIBRARY, KITWE.   11/30/2022 1 QA 39.2 Lar 742884 09/01/2025 08/27/2025 11/30/2022 MONOGRAPH